<?xml version="1.0" encoding="UTF-8"?>
<collection xmlns="http://www.loc.gov/MARC21/slim">
<record>
  <controlfield tag="001">5962</controlfield>
  <controlfield tag="005">20221229140416.0</controlfield>
  <datafield tag="037" ind1=" " ind2=" ">
    <subfield code="a">SCART-2022-0147</subfield>
  </datafield>
  <datafield tag="100" ind1=" " ind2=" ">
    <subfield code="a">Dehant, V.</subfield>
  </datafield>
  <datafield tag="245" ind1=" " ind2=" ">
    <subfield code="a">Habitabilité</subfield>
  </datafield>
  <datafield tag="260" ind1=" " ind2=" ">
    <subfield code="c">2022</subfield>
  </datafield>
  <datafield tag="536" ind1=" " ind2=" ">
    <subfield code="a">FNRS-FWO/</subfield>
    <subfield code="c">EOS/</subfield>
    <subfield code="f">ET-HOME</subfield>
  </datafield>
  <datafield tag="594" ind1=" " ind2=" ">
    <subfield code="a">NO</subfield>
  </datafield>
  <datafield tag="773" ind1=" " ind2=" ">
    <subfield code="p">Dictionnaire juridique du changement climatique, sous la direction de Marta Torre-Schaub, Aglaé Jézéquel, Blanche Lormeteau, Agnès Michelot</subfield>
    <subfield code="v">2022</subfield>
    <subfield code="y">2022</subfield>
    <subfield code="n">ISBN13 978-2-84934-624-2</subfield>
    <subfield code="c">EAN 9782849346242</subfield>
  </datafield>
  <datafield tag="856" ind1="0" ind2=" ">
    <subfield code="f">veronique.dehant@observatoire.be</subfield>
  </datafield>
  <datafield tag="856" ind1="4" ind2=" ">
    <subfield code="s">218766</subfield>
    <subfield code="u">http://publi2-as.oma.be/record/5962/files/Dehant_memdictionnaire_changement_climatique-mqt01_102Dehant.pdf</subfield>
  </datafield>
  <datafield tag="856" ind1="4" ind2=" ">
    <subfield code="s">21098</subfield>
    <subfield code="u">http://publi2-as.oma.be/record/5962/files/Dehant_memdictionnaire_changement_climatique-mqt01_102Dehant.jpg?subformat=icon-180</subfield>
    <subfield code="x">icon-180</subfield>
  </datafield>
  <datafield tag="856" ind1="4" ind2=" ">
    <subfield code="s">9483</subfield>
    <subfield code="u">http://publi2-as.oma.be/record/5962/files/Dehant_memdictionnaire_changement_climatique-mqt01_102Dehant.gif?subformat=icon</subfield>
    <subfield code="x">icon</subfield>
  </datafield>
  <datafield tag="905" ind1=" " ind2=" ">
    <subfield code="a">published in</subfield>
  </datafield>
  <datafield tag="980" ind1=" " ind2=" ">
    <subfield code="a">REFERD</subfield>
  </datafield>
</record>
</collection>